<?xml version="1.0" encoding="UTF-8"?>
<record
    xmlns:xsi="http://www.w3.org/2001/XMLSchema-instance"
    xsi:schemaLocation="http://www.loc.gov/MARC21/slim http://www.loc.gov/standards/marcxml/schema/MARC21slim.xsd"
    xmlns="http://www.loc.gov/MARC21/slim">

  <leader>01476nam a22002657a 4500</leader>
  <controlfield tag="003">DO-SdBNP</controlfield>
  <controlfield tag="005">20211012091620.0</controlfield>
  <controlfield tag="007">ta</controlfield>
  <controlfield tag="008">211008b2021    dr a|||| |||| 00| 0 spa d</controlfield>
  <datafield tag="020" ind1=" " ind2=" ">
    <subfield code="a">9789945221022</subfield>
  </datafield>
  <datafield tag="040" ind1=" " ind2=" ">
    <subfield code="a">DO-SdBNP</subfield>
    <subfield code="b">spa</subfield>
    <subfield code="c">BNPHU </subfield>
  </datafield>
  <datafield tag="245" ind1="0" ind2="0">
    <subfield code="a">Trabajo digno cruza fronteras: </subfield>
    <subfield code="b">enfocando el sector bananero de la L&#xED;nea Noroeste, Rep&#xFA;blica Dominicana = Le travail digne au-del&#xE0; des fronti&#xE8;res: Une &#xE9;tude exploratoire de la situation des travailleurs et travailleuses migrantes du secteur de la banane sur la ligne nord-ouest, en R&#xE9;publique Dominicaine.</subfield>
    <subfield code="c">coordinaci&#xF3;n: Bridget Wooding ; traducci&#xF3;n del espa&#xF1;ol al franc&#xE9;s: V&#xE9;ronique Viala ; equipo de investigaci&#xF3;n: Luis Cirito, Liliana Digiorgis y Ivrance Mart&#xED;nrez.</subfield>
  </datafield>
  <datafield tag="260" ind1=" " ind2=" ">
    <subfield code="a">Santo Domingo :</subfield>
    <subfield code="b">Centro para la Observaci&#xF3;n Migratoria y el Desarrollo Social en el Caribe (OBMICA)</subfield>
    <subfield code="c">2021.</subfield>
  </datafield>
  <datafield tag="300" ind1=" " ind2=" ">
    <subfield code="a">51 p. </subfield>
    <subfield code="c">28 cm. </subfield>
  </datafield>
  <datafield tag="504" ind1=" " ind2=" ">
    <subfield code="a"> Bibliograf&#xED;a : p. 46-48</subfield>
  </datafield>
  <datafield tag="590" ind1=" " ind2=" ">
    <subfield code="a">Inventariado, 2021 /LP

</subfield>
  </datafield>
  <datafield tag="700" ind1="1" ind2=" ">
    <subfield code="a">Wooding, Bridget,</subfield>
    <subfield code="e">coordinaci&#xF3;n </subfield>
    <subfield code="9">2231</subfield>
  </datafield>
  <datafield tag="700" ind1="1" ind2=" ">
    <subfield code="a">Viala, V&#xE9;ronique,</subfield>
    <subfield code="e">tr.</subfield>
    <subfield code="9">80141</subfield>
  </datafield>
  <datafield tag="700" ind1="1" ind2=" ">
    <subfield code="a">Cirito, Luis</subfield>
    <subfield code="9">80142</subfield>
  </datafield>
  <datafield tag="700" ind1="1" ind2=" ">
    <subfield code="a">Digiorgis, Liliana</subfield>
    <subfield code="9">80143</subfield>
  </datafield>
  <datafield tag="700" ind1="1" ind2=" ">
    <subfield code="a">Mart&#xED;nrez, Ivrance </subfield>
    <subfield code="9">80144</subfield>
  </datafield>
  <datafield tag="740" ind1="1" ind2="0">
    <subfield code="a">Le travail digne au-del&#xE0; des fronti&#xE8;res: Une &#xE9;tude exploratoire de la situation des travailleurs et travailleuses migrantes du secteur de la banane sur la ligne nord-ouest, en R&#xE9;publique Dominicaine</subfield>
  </datafield>
  <datafield tag="910" ind1=" " ind2=" ">
    <subfield code="a">Lop&#xE9;rez</subfield>
  </datafield>
  <datafield tag="942" ind1=" " ind2=" ">
    <subfield code="2">ddc</subfield>
    <subfield code="c">LBS1</subfield>
  </datafield>
  <datafield tag="952" ind1=" " ind2=" ">
    <subfield code="0">0</subfield>
    <subfield code="1">0</subfield>
    <subfield code="2">ddc</subfield>
    <subfield code="5">1</subfield>
    <subfield code="7">0</subfield>
    <subfield code="8">PD</subfield>
    <subfield code="a">BNPHU</subfield>
    <subfield code="b">PD</subfield>
    <subfield code="c">HD</subfield>
    <subfield code="d">2021-10-08</subfield>
    <subfield code="e">Dep&#xF3;sito Legal </subfield>
    <subfield code="l">0</subfield>
    <subfield code="p">2021-27263</subfield>
    <subfield code="r">2021-10-08</subfield>
    <subfield code="w">2021-10-08</subfield>
    <subfield code="y">LFPD</subfield>
  </datafield>
  <datafield tag="952" ind1=" " ind2=" ">
    <subfield code="0">0</subfield>
    <subfield code="1">0</subfield>
    <subfield code="2">ddc</subfield>
    <subfield code="5">1</subfield>
    <subfield code="7">0</subfield>
    <subfield code="8">PD</subfield>
    <subfield code="a">BNPHU</subfield>
    <subfield code="b">PD</subfield>
    <subfield code="c">HD</subfield>
    <subfield code="d">2021-10-08</subfield>
    <subfield code="e">Dep&#xF3;sito Legal </subfield>
    <subfield code="l">0</subfield>
    <subfield code="p">2021-27264</subfield>
    <subfield code="r">2021-10-08</subfield>
    <subfield code="t">e.2</subfield>
    <subfield code="w">2021-10-08</subfield>
    <subfield code="y">LFPD</subfield>
  </datafield>
  <datafield tag="952" ind1=" " ind2=" ">
    <subfield code="0">0</subfield>
    <subfield code="1">0</subfield>
    <subfield code="2">ddc</subfield>
    <subfield code="5">6</subfield>
    <subfield code="7">0</subfield>
    <subfield code="8">DS</subfield>
    <subfield code="a">BNPHU</subfield>
    <subfield code="b">DO</subfield>
    <subfield code="c">HD</subfield>
    <subfield code="d">2021-10-08</subfield>
    <subfield code="e">Dep&#xF3;sito Legal </subfield>
    <subfield code="l">0</subfield>
    <subfield code="p">2021-27265</subfield>
    <subfield code="r">2021-10-08</subfield>
    <subfield code="t">e.3</subfield>
    <subfield code="w">2021-10-08</subfield>
    <subfield code="y">LFDS</subfield>
  </datafield>
  <datafield tag="999" ind1=" " ind2=" ">
    <subfield code="c">50720</subfield>
    <subfield code="d">50720</subfield>
  </datafield>
</record>
